| 000 | 01075nam a2200265Ia 4500 | ||
|---|---|---|---|
| 003 | OSt | ||
| 005 | 20221005104251.0 | ||
| 006 | a|||||r|||| 00| 0 | ||
| 007 | ta | ||
| 008 | 221004b |||||||| |||| 00| 0 hin d | ||
| 020 |
_a9788123018140 (pbk) _cINR 160.00 |
||
| 024 | _a42131 | ||
| 037 |
_b321, 11/03/2019, Eastern Book Linkers _cTextual |
||
| 040 |
_aCRL _cCRL _bhin |
||
| 041 |
_2hin _ahin |
||
| 082 | _aO152:g(Y11), Q3 | ||
| 100 | _aप्रकाश मनु, ले. | ||
| 245 | 0 | _aहिन्दी बाल साहित्य के शिखर व्यक्तित्व | |
| 246 | _aHindī bāl sāhitya ke shikhar vyaktitva | ||
| 260 |
_aदिल्ली _bप्रकाशन विभाग सूचना और प्रसारण मंत्रालय भारत _c2013 |
||
| 300 |
_a240पृ0 _ccm. |
||
| 650 | _aहिन्दी साहित्य | ||
| 942 |
_hO152:g(Y11), Q3 _cTEXL _2cc |
||
| 999 |
_c1012202 _d1012202 |
||